Marketing político electoral para municipios

Saved in:
Bibliographic Details
Main Authors: Santiago, Gustavo Gabriel (Author), Varela, Analía Viviana (Author)
Format: Book
Language:Spanish
Published: Buenos Aires La Crujía 2006
Edition:1a. ed
Subjects:
Tags: Add Tag
No Tags, Be the first to tag this record!

MARC

LEADER 00000nam a2200000 a 4500
001 UCH2609
003 CL-VaPUC
008 090618e20061200AG |||||||||||||||||spa|d
020 |a 9876010123 
082 0 4 |a 324.9  |b SAN  |2 21 
100 0 |a Santiago, Gustavo Gabriel  |e author  |9 537561 
700 0 |a Varela, Analía Viviana  |e author  |9 537562 
245 1 0 |a Marketing político electoral para municipios 
250 |a 1a. ed 
300 |a 178 p 
942 |c BK 
945 |d 20090618 00:00:00  |a dcastane 
260 |a Buenos Aires  |b La Crujía  |c 2006 
650 0 |a Campañas políticas  |9 537273 
650 7 |a ELECCIONES MUNICIPALES  |2 CL-VaPUC  |9 400788 
650 0 |a Marketing político  |9 537563 
650 7 |a IMAGEN PUBLICA  |2 CL-VaPUC  |9 459463 
650 7 |a CANDIDATOS MUNICIPALES  |2 CL-VaPUC  |9 537564 
651 0 |a Argentina  |9 254888 
583 |a last modification  |c 20090618 00:00:00  |k Rodrigo Vera 
999 |c 334335  |d 334333 
952 |0 0  |1 0  |4 0  |6 324_900000000000000_SAN_2006  |7 0  |8 A  |9 423308  |a BIBCUR  |b BIBCUR  |d 2019-11-22  |i 4562410  |o 324.9 SAN 2006  |p 4562410  |r 2025-04-22  |w 2019-11-22  |y BK  |k MGC